| 000 | 00413nam a2200169Ia 4500 | ||
|---|---|---|---|
| 008 | 230524s9999 xx 000 0 und d | ||
| 082 |
_a612 _bDAV |
||
| 100 |
_aAndrew J Davey _925523 |
||
| 245 | 0 | _aWard's Anaesthetic Equipment | |
| 250 | _a5TH | ||
| 260 |
_aLONDON _bElsevier _c2005 |
||
| 300 | _aVII;521 | ||
| 500 | _aQuantity Number: 1 | ||
| 650 | _aBiomedical | ||
| 700 |
_aAli Diba _925524 |
||
| 942 | _cBK | ||
| 999 |
_c37553 _d37553 |
||